|
|
|
|
| LEADER |
00000nam a2200000 a 4500 |
| 001 |
vtls001387263 |
| 003 |
SK-MaSNL |
| 005 |
20260301161523.0 |
| 008 |
240314s1966 xx 0 und |
| 035 |
|
|
|a SNK000341449
|
| 040 |
|
|
|a SNK
|b slo
|c SNK
|e AACR2
|
| 100 |
1 |
|
|a Šalamoun, Čestmír,
|d 1930-1983
|4 aut
|9 136239
|
| 245 |
1 |
0 |
|a Převody. Díl 1
|
| 260 |
|
|
|a Praha
|b Státní nakladatelství technické literatury
|c 1966
|
| 300 |
|
|
|a 142 s.
|
| 958 |
|
|
|a OND
|
| 999 |
|
|
|c 809790
|d 811720
|
| 952 |
|
|
|t P60, <04>, [BOOK], {604}
|a SNK
|b SNK
|y VYP
|7 0
|p 17A0235380
|o snkIB 15061/1 D1
|0 0
|1 1
|4 0
|d 2000-04-18
|l 0
|r 2005-01-02 00:00:00
|w 2026-02-24
|
| 952 |
|
|
|t P60, <04>, [BOOK], {604}
|a SNK
|b SNK
|y VYP
|7 0
|p 17A0250228
|o snkIB 15061/1
|0 0
|1 0
|4 0
|d 2000-09-07
|l 0
|r 2005-01-02 00:00:00
|w 2026-02-24
|